Normal view
MARC view
Entry Personal Name
001 - CONTROL NUMBER
- control field: 1326
003 - CONTROL NUMBER IDENTIFIER
- control field: OSt
005 - DATE AND TIME OF LATEST TRANSACTION
- control field: 20210902104118.0
008 - FIXED-LENGTH DATA ELEMENTS
- fixed length control field: 210902|| aca||aabn | a|a d
040 ## - CATALOGING SOURCE
- Original cataloging agency: OSt
- Transcribing agency: OSt
100 ## - HEADING--PERSONAL NAME
- Personal name: Haeussler, Jr.Ernest F
670 ## - SOURCE DATA FOUND
- Source citation: Work cat.: (OSt)1615: Haeussler, Jr.Ernest F., Introductory Mathematical Analysis / For Business, Economics, and the Life and Social Sciences /, 1996